000 00663nam a2200193Ia 4500
008 130821s1993 ck gr spa
040 _aCo-BoUCM
_bspa
041 0 0 _aspa
100 _aLleras de La Fuente, Fernando
_9122859
245 0 0 _aTiempo fr gil
_cFernando Lleras de la Fuente
260 _aBogotá (Cundinamarca, Colombia)
_bUniversidad Central
_c1993
300 _a105 páginas
504 _aIncluye bibliografia e indice.
650 0 4 _aLiteratura colombiana
_918629
650 0 4 _aPoesía colombiana
_921792
650 0 4 _aPoetas colombianos
_921870
942 _cLIBRO
_a18
_e1
_kC
_mL791t
_2DEWEY
_h861.44
_n0
999 _c27575
_d27575